01249cam a22002771 4500001001300000003000400013005001700017008004100034010001700075035002000092040004800112042001200160050003300172051001600205100005400221245010700275260004700382300001900429490007000448500007100518500009700589500014900686650004100835830007800876999001700954e 19000228 DLC20260227111210.0970428m19191923dcu f000 0 eng c ae 19000228  a(OCoLC)36810569 aLibrary, U.S. Office of EcucationcOCUdDLC apremarc00aL111b.A6 1919, no. 25, etc. aLC1045b.B31 aBawden, William T.q(William Thomas),d1875-1960.10aVocational education /cby William T. Bawden, specialist in industrial education, Bureau of Education. aWashington :bGovt. Print. Off.,c1919-23. a2 v. ;c23 cm.1 a[U.S.] Bureau of Education. Bulletin,v1919, no. 25; 1923, no. 28 aAt head of title: Department of the Interior. Bureau of Education. aAdvance sheets from the Biennial survey of education in the United States, 1916/18; 1920/22. aCopy 1 of L111.A6, 1919, no. 25 bound with: Bulletin / United States. Bureau of Education, 1919, no. 26-1919, no. 38, subsequent to publication. 0aVocational educationzUnited States. 0aBulletin (United States. Bureau of Education)v1919, no 25; 1923, no. 28. c20298d20298